Bases biológicas sobre el crecimiento e incremento de las masas forestales / (Registro nro. 67164)
[ vista simple ]
| 000 -LEADER | |
|---|---|
| fixed length control field | 01058nam a2200313 u 4500 |
| 001 - CONTROL NUMBER | |
| control field | 67164 |
| 005 - DATE AND TIME OF LATEST TRANSACTION | |
| control field | 20200821093617.0 |
| 008 - FIXED-LENGTH DATA ELEMENTS--GENERAL INFORMATION | |
| fixed length control field | 170417s1991 mx r 000 0 spa d |
| 020 ## - INTERNATIONAL STANDARD BOOK NUMBER | |
| Terms of availability | En trámite |
| 040 ## - CATALOGING SOURCE | |
| Description conventions | rda |
| 041 0# - LANGUAGE CODE | |
| Language code of text/sound track or separate title | spa |
| 082 0# - DEWEY DECIMAL CLASSIFICATION NUMBER | |
| Classification number | 634.956 |
| Item number | CHA |
| 100 1# - MAIN ENTRY--PERSONAL NAME | |
| Personal name | Chavez Olayo, David, |
| Relator term | autor |
| 9 (RLIN) | 4092 |
| 245 10 - TITLE STATEMENT | |
| Title | Bases biológicas sobre el crecimiento e incremento de las masas forestales / |
| Statement of responsibility, etc. | David Chavez Olayo, Santiago Daniel Sánchez Avila, Victor Manuel Cetina Alcala. |
| 250 ## - EDITION STATEMENT | |
| Edition statement | [Primera edición] |
| 264 #1 - PRODUCTION, PUBLICATION, DISTRIBUTION, MANUFACTURE, AND COPYRIGHT NOTICE | |
| Place of production, publication, distribution, manufacture | Puebla, Pue. : |
| Name of producer, publisher, distributor, manufacturer | UPAEP, |
| Date of production, publication, distribution, manufacture, or copyright notice | 1991 |
| 300 ## - PHYSICAL DESCRIPTION | |
| Extent | 63 páginas ; |
| Dimensions | 22 cm. |
| 336 ## - CONTENT TYPE | |
| Content type term | texto |
| Source | rdacontent |
| Content type code | txt |
| 337 ## - MEDIA TYPE | |
| Media type term | sin medio |
| Source | rdamedia |
| Media type code | n |
| 338 ## - CARRIER TYPE | |
| Carrier type term | volumen |
| Source | rdacarrier |
| Carrier type code | nc |
| 490 0# - SERIES STATEMENT | |
| Series statement | Temas forestales |
| Volume/sequential designation | 1 |
| 500 ## - GENERAL NOTE | |
| General note | Colección UPAEP |
| 500 ## - GENERAL NOTE | |
| General note | Escuela de fitotecnia |
| 650 #4 - SUBJECT ADDED ENTRY--TOPICAL TERM | |
| Topical term or geographic name entry element | Forestación |
| 650 #4 - SUBJECT ADDED ENTRY--TOPICAL TERM | |
| Topical term or geographic name entry element | Silvicultura |
| 700 1# - ADDED ENTRY--PERSONAL NAME | |
| Personal name | Sánchez Avila, Santiago Daniel, |
| Relator term | autor |
| 9 (RLIN) | 4093 |
| 700 1# - ADDED ENTRY--PERSONAL NAME | |
| Personal name | Cetina Alcala, Victor Manuel, |
| Relator term | autor |
| 9 (RLIN) | 4094 |
| 942 ## - ADDED ENTRY ELEMENTS (KOHA) | |
| Classification part | 634.956 |
| Item part | CHA |
| Koha item type | Libro |
| Withdrawn status | Lost status | Source of classification or shelving scheme | Damaged status | Not for loan | Home library | Current library | Date acquired | Source of acquisition | Total Checkouts | Full call number | Barcode | Price effective from | Koha item type | Collection code | Shelving location |
|---|---|---|---|---|---|---|---|---|---|---|---|---|---|---|---|
| Descarte | Dewey Decimal Classification | Biblioteca Karol Wojtyla | Biblioteca Karol Wojtyla | 17/04/2017 | Compra | 634.956 CHA 1991 | 94703 | 10/07/2018 | Libro | ||||||
| Dewey Decimal Classification | Consulta en sala | Biblioteca Karol Wojtyla | Biblioteca Karol Wojtyla | 17/04/2017 | Compra | 634.956 CHA 1991 | 94675 | 10/07/2018 | Folleto | Referencia | Referencia |